[Event "GER-ch Net Amateur Gr-B Vor2"]
[White "Rodriguez, Jose Maria"]
[Black "Fruth, David"]
[Site "Playchess.com INT"]
[Round "9"]
[Result "1-0"]
[Date "2020.04.15"]
[WhiteElo "1682"]
[BlackElo "1746"]
[PlyCount "61"]
[EventDate "2020.04.15"]
[EventType "swiss (blitz)"]
[EventRounds "9"]
[EventCountry "GER"]
[SourceTitle "CBM 196 Extra"]
[Source "ChessBase"]
[SourceDate "2020.07.31"]
[SourceVersion "1"]
[SourceVersionDate "2020.07.31"]
[SourceQuality "1"]

1. e4 c5 2. d3 g6 3. g3 Bg7 4. Bg2 d6 5. f4 Nf6 6. Nf3 Nc6 7. 0-0 Bg4 8. h3 Bxf3 9. Qxf3 Nd4 10. Qd1 Nh5 11. Kh2 f5 12. c3 Ne6 13. exf5 gxf5 14. Qxh5+ Kd7 15. Bxb7 Rb8 16. Bd5 Rf8 17. Na3 Rf6 18. Qf3 Rh6 19. Nc4 Bf6 20. Bc6+ Kc8 21. b4 Qf8 22. Ba4 Nd8 23. Be3 Bxc3 24. bxc5 Bxa1 25. Rxa1 Qf6 26. Rc1 Rb2+ 27. Nxb2 Qxb2+ 28. Rc2 Qf6 29. cxd6+ Kb8 30. d7 Qd6 31. Rc8# 1-0

[Event "GER-ch Net blitz qual3"]
[White "Rodriguez, Jose Maria"]
[Black "Engel, Frank"]
[Site "Playchess.com INT"]
[Round "3"]
[Result "0-1"]
[Date "2020.03.21"]
[WhiteElo "1627"]
[BlackElo "1775"]
[PlyCount "77"]
[EventDate "2020.03.21"]
[EventType "swiss (blitz)"]
[EventRounds "9"]
[EventCountry "GER"]
[SourceTitle "CBM 195 Extra"]
[Source "ChessBase"]
[SourceDate "2020.05.31"]
[SourceVersion "1"]
[SourceVersionDate "2020.05.31"]
[SourceQuality "1"]

1. e4 c5 2. Nf3 d6 3. Bb5+ Bd7 4. Qe2 Nc6 5. 0-0 e6 6. c3 Nge7 7. d4 cxd4 8. cxd4 d5 9. e5 a6 10. Bd3 Ng6 11. Nc3 Be7 12. Be3 0-0 13. Rac1 Rc8 14. a3 Na5 15. Rc2 b5 16. Rfc1 Nc4 17. Bxc4 bxc4 18. g3 Rb8 19. h4 f5 20. exf6 Bxf6 21. h5 Ne7 22. g4 Nc6 23. g5 Be7 24. Kg2 Rb3 25. Qd2 Qe8 26. Rh1 Bd6 27. Ne2 Qf7 28. Ne5 Bxe5 29. dxe5 Nxe5 30. Nf4 Ng4 31. Kg3 Nxe3 32. fxe3 Qe7 33. Rf1 Qxg5+ 34. Kf3 Rd3 35. Qg2 Qxh5+ 36. Qg4 Qxg4+ 37. Kxg4 Rxe3 38. Rg1 e5+ 39. Kg5 0-1